DEFRA : Water (Record no. 119897)
[ view plain ]
| 000 -LEADER | |
|---|---|
| fixed length control field | 00965cam a2200253 4500 |
| 001 - CONTROL NUMBER | |
| control field | ws114673 |
| 008 - FIXED-LENGTH DATA ELEMENTS--GENERAL INFORMATION | |
| fixed length control field | 010920n 000 0 eng u |
| 035 ## - SYSTEM CONTROL NUMBER | |
| System control number | (Sirsi) u114673 |
| 110 ## - MAIN ENTRY--CORPORATE NAME | |
| Corporate name or jurisdiction name as entry element | Department for Environment, Food and Rural Affairs |
| 9 (RLIN) | 4094 |
| 245 ## - TITLE STATEMENT | |
| Title | DEFRA : Water |
| 520 ## - SUMMARY, ETC. | |
| Summary, etc. | Web site for the Water and Land Directorate which is responsible for all aspects of water policy in England. Includes pages on drinking water, water regulation, environment issues and water quality. |
| 650 ## - SUBJECT ADDED ENTRY--TOPICAL TERM | |
| Topical term or geographic name entry element | GOVERNMENT |
| 650 ## - SUBJECT ADDED ENTRY--TOPICAL TERM | |
| Topical term or geographic name entry element | LAND AND WATER DIRECTORATE |
| 650 ## - SUBJECT ADDED ENTRY--TOPICAL TERM | |
| Topical term or geographic name entry element | Environment |
| 9 (RLIN) | 6238 |
| 650 ## - SUBJECT ADDED ENTRY--TOPICAL TERM | |
| Topical term or geographic name entry element | WATER QUALITY |
| 650 ## - SUBJECT ADDED ENTRY--TOPICAL TERM | |
| Topical term or geographic name entry element | WATER METERS |
| 650 ## - SUBJECT ADDED ENTRY--TOPICAL TERM | |
| Topical term or geographic name entry element | WATER INDUSTRY ACT 1999 |
| 650 ## - SUBJECT ADDED ENTRY--TOPICAL TERM | |
| Topical term or geographic name entry element | WATER SUPPLY (WATER FITTINGS) REGULATIONS 1999 |
| 650 ## - SUBJECT ADDED ENTRY--TOPICAL TERM | |
| Topical term or geographic name entry element | POLLUTION |
| 650 ## - SUBJECT ADDED ENTRY--TOPICAL TERM | |
| Topical term or geographic name entry element | DRINKING WATER |
| 690 ## - LOCAL SUBJECT ADDED ENTRY--TOPICAL TERM (OCLC, RLIN) | |
| Topical term or geographic name as entry element | WATER |
| 856 40 - ELECTRONIC LOCATION AND ACCESS | |
| Uniform Resource Identifier | <a href="https://www.defra.gov.uk/environment/water/index.htm">https://www.defra.gov.uk/environment/water/index.htm</a> |
| Public note | View the website free of charge at www.defra.gov.uk... |
| 942 ## - ADDED ENTRY ELEMENTS (KOHA) | |
| Suppress in OPAC | 0 |
| Withdrawn status | Lost status | Source of classification or shelving scheme | Damaged status | Not for loan | Home library | Current library | Shelving location | Date acquired | Total Checkouts | Full call number | Barcode | Date last seen | Copy number | Price effective from | Koha item type |
|---|---|---|---|---|---|---|---|---|---|---|---|---|---|---|---|
| Dewey Decimal Classification | Virtual | Virtual | Online | 20/09/2001 | WEB SITE | 114673-2001 | 06/08/2019 | 1 | 06/08/2019 | Online material |